000 00937cam a2200253 a 4500
999 _c129355
_d129355
001 2827019
003 ARRUPE
005 20190402094450.0
008 830413s1982 dcua 001 0 eng
010 _a 83111827
020 _a0890420467 (pbk.)
040 _aDLC
_cDLC
_dDLC
050 0 0 _aRC455.C4
_b.D95 1987
082 0 0 _a616.89/075/0202
_219
245 0 0 _aDesk reference to the diagnostic criteria from DSM-III.
260 _aWashington, D.C. :
_bAmerican Psychiatric Association,
_cc1982.
300 _a233 p. :
_bill. ;
_c19 cm.
500 _aIncludes indexes.
650 0 _aMental illness
_xDiagnosis
_xHandbooks, manuals, etc.
_945705
650 0 _aMental illness
_xClassification
_945601
710 2 _aAmerican Psychiatric Association.
_945706
730 0 _aDiagnostic and statistical manual of mental disorders.
_945707
906 _a7
_bcbc
_corignew
_d2
_encip
_f19
_gy-gencatlg
942 _2lcc
_cMONOGRAPH